| 000 | 01182pam a2200325 a 4500 | ||
|---|---|---|---|
| 001 | 2859920 | ||
| 003 | OSt | ||
| 005 | 20210417113912.0 | ||
| 008 | 850719t19851976nyu b 001 0 eng | ||
| 010 | _a 85015477 | ||
| 020 | _a0195002067 (pbk.) | ||
| 040 |
_aDLC _cDLC _dDLC |
||
| 050 | 0 | 0 |
_aPN883 _b.H5 1985 |
| 080 |
_a94 _bH-65 |
||
| 082 | 0 | 0 |
_a809 _219 |
| 100 | 1 |
_aHighet, Gilbert, _d1906-1978. |
|
| 245 | 1 | 4 |
_aThe classical tradition : _bGreek and Roman influences on western literature / _cby Gilbert Highet. |
| 260 |
_aNew York : _bOxford University Press, _c1985, c1976. |
||
| 300 |
_axxxviii, 763 p. ; _c21 cm. |
||
| 365 | _b19.95 usd | ||
| 500 | _aIncludes index. | ||
| 504 | _aBibliography: p. [550]-555. | ||
| 650 | 0 |
_aComparative literature _xClassical and modern. |
|
| 650 | 0 |
_aComparative literature _xModern and classical. |
|
| 653 | _aლიტერატურა | ||
| 653 | _aკლასიკური და თანამედროვე ლიტერატურა | ||
| 856 | 4 | 2 |
_3Publisher description _uhttp://www.loc.gov/catdir/enhancements/fy0602/85015477-d.html |
| 906 |
_a7 _bcbc _corignew _d1 _eocip _f19 _gy-gencatlg |
||
| 942 |
_2udc _cBK |
||
| 999 |
_c214 _d214 |
||